| 000 | 00368nam a2200145Ia 4500 | ||
|---|---|---|---|
| 008 | 230917s9999||||xx |||||||||||||| ||und|| | ||
| 040 |
_e120140 _aMAIN |
||
| 041 | _aEnglish | ||
| 082 | _a541.3453 S16A | ||
| 100 | _aSlavin, Walter | ||
| 245 | 0 | _aAtomic absorption spectroscopy. V25 | |
| 260 |
_aNew York _bJohn Wiley & Sons _c1968 |
||
| 300 | _a307 p. | ||
| 942 | _cBK | ||
| 999 |
_c187142 _d187142 |
||